Úvod do náuky o harmónii pre internú potrebu posl. Pedag. fak. v B. Bystrici

Bibliographic Details
Main Author: Melicher, Alexander, 1933- (Author)
Format: Book
Language:Slovak
PhysicalDescription:[1], 77 s. noty 4°
Published: Banská Bystrica Pedagogická fakulta 1973
Edition:1. vyd.
Series:Vysokoškolské učebné texty
Subjects:

MARC

LEADER 00000nam a2200000 a 4500
001 vtls008310836
003 SK-MaSNL
005 20260301074856.0
008 180814s1973 xo f np 000 0 slo
015 |a SNBA1973/07-01973 
035 |a SK01SNK19730003053 
035 |a SKM000005516 
040 |a SNK  |b slo  |c SNK  |e AACR2 
041 0 |a slo 
044 |a xo  |c SK 
080 |a 781.41(075.8)  |2 1981 
100 1 |a Melicher, Alexander,  |d 1933-  |4 aut  |9 212331 
245 1 0 |a Úvod do náuky o harmónii  |b pre internú potrebu posl. Pedag. fak. v B. Bystrici  |c Alexander Melicher 
250 |a 1. vyd. 
260 |a Banská Bystrica  |b Pedagogická fakulta  |c 1973  |e Zvolen  |f VŠLD 
300 |a [1], 77 s.  |b noty  |c 4° 
490 1 |a Vysokoškolské učebné texty 
500 |a Na titulnom liste uvedený rok vydania 1972 
504 |a Obsahuje bibliografiu 
563 |a 350 výtl. 
650 0 7 |a hudba  |2 SNKPH  |9 1063 
650 0 7 |a harmónia (hudba)  |2 SNKPH  |9 2859 
655 7 |a učebnice vysokých škôl  |2 SNKPH  |9 70191 
830 0 |a Vysokoškolské učebné texty  |9 276539 
958 |a OND 
958 |a RM 
958 |a RK 
958 |a UV 
999 |c 648502  |d 650432 
952 |a SNK  |b SNK  |y VYP  |7 0  |p 17A0490299  |o snkSB 19613 D1  |i snkKSP 4924/73  |3 Rekatalogizácia  |0 0  |1 0  |4 0  |d 2005-11-07  |l 0  |r 2026-02-23 18:14:30  |w 2026-02-23 
952 |a SNK  |b SNK  |y PREZ  |7 0  |p 17A0898287  |o snkSB 19613  |i snkKSP 4923/73  |0 0  |1 0  |4 0  |d 2012-07-24  |f 1  |l 0  |r 2025-03-21 00:00:00  |w 2026-02-23